000 00378nam a22001337a 4500
999 _c130419
_d130419
008 200318b ||||| |||| 00| 0 eng d
050 _aBF637.S8
_bB642
100 _aBland, Glenn
_949695
245 _aSuccess
_bthe Glenn Bland method
_cGlenn Bland
260 _aBombay
_bSt. Paul's Press
_c1978
300 _a171p. ;
_c22cm.
650 _aSuccess
_949696
942 _2lcc
_cMONOGRAPH